000 01146nam a22002537a 4500
001 85849
005 20260429144412.0
008 260429s2026 sp ||||| |||| 00| 0 spa d
017 _aM 2872-2026
040 _aM-RABA
_bspa
_cM-RABA
245 0 0 _aPorcelanas para los reyes de España
_b: La producción de la Real Fábrica del Buen Retiro
_c/ Comunidad de Madrid
260 _aMadrid
_b: Comunidad de Madrid
_c, 2026
300 _a47 p.
_b: il. col.
_c; 28 cm
500 0 0 _aCatálogo de la exposición celebrada en la sala de exposiciones del Palacio de Juan de Goyeneche, en Nuevo Baztán, del 11 de marzo al 7 de junio del 2026.
610 2 7 _aPalacio del Buen Retiro (
_cMadrid)
_2embne
_96154
650 0 _aPorcelana-
_zEspaña
_986326
651 7 _aNuevo Baztan (Madrid, España)
_975284
655 4 _aCatálogos de exposiciones
_945336
700 1 _aGranados Ortega, María Ángeles
_9111704
_ecomisaria
_eautor texto
710 1 _aMadrid (Comunidad Autónoma).
_bDirección General de Cultura
_93300
710 1 _aMadrid (Comunidad Autónoma).
_bConsejería de Cultura, Deportes y Turismo
_93297
852 _jF-16118
942 _cFONDOMODER
_n0
999 _c85849
_d85849